书目信息 |
| 题名: |
三分钟看透人心:性格色彩卡牌秘籍
|
|
| 作者: | 乐嘉 著 | |
| 分册: | ||
| 出版信息: | 北京 中国画报出版社 2018.06 |
|
| 页数: | 270页 | |
| 开本: | 21cm | |
| 丛书名: | ||
| 单 册: | ||
| 中图分类: | B848.6 , B848.6-49 | |
| 科图分类: | ||
| 主题词: | 性格--通俗读物 | |
| 电子资源: | ||
| ISBN: | 978-7-5146-1602-6 | |
| 000 | 00842nam0 2200229 450 | |
| 001 | 1143 | |
| 005 | 20180927140240.46 | |
| 010 | @a978-7-5146-1602-6@dCNY49.80 | |
| 100 | @a20180714d2018 em y0chiy50 ea | |
| 101 | 0 | @achi |
| 102 | @aCN@b110000 | |
| 105 | @aa z 000yy | |
| 200 | 1 | @a三分钟看透人心:性格色彩卡牌秘籍@Asan fen zhong kan tou ren xin:xing ge se cai ka pai mi ji@9san fen zhong kan tou ren xin@e性格色彩卡牌秘籍@f乐嘉著 |
| 210 | @a北京@c中国画报出版社@d2018.06 | |
| 215 | @a270页@c图@d21cm | |
| 330 | @a本书通过大量的实证和数据分析,将人的性格因素提取为若干个因子,分别用经过反复琢磨的最精准的词语来概括。通过性格色彩的方式解读人心。 | |
| 606 | 0 | @a性格@j通俗读物 |
| 690 | @aB848.6@v5 | |
| 690 | @aB848.6-49@v4 | |
| 701 | 0 | @a乐嘉@9le jia@f(1975-)@4著 |
| 801 | 0 | @aCN@b91MARC@c20180714 |
| 905 | @aMuseLib@dB848.6-49@e2785 | |
| 三分钟看透人心:性格色彩卡牌秘籍:性格色彩卡牌秘籍/乐嘉著.-北京:中国画报出版社,2018.06 |
| 270页:图;21cm |
| ISBN 978-7-5146-1602-6:CNY49.80 |
| 本书通过大量的实证和数据分析,将人的性格因素提取为若干个因子,分别用经过反复琢磨的最精准的词语来概括。通过性格色彩的方式解读人心。 |
| ● |
| 相关链接 |
|
|
|
|
正题名:三分钟看透人心:性格色彩卡牌秘籍
索取号:B848.6-49/2785
 
预约/预借
| 序号 | 登录号 | 条形码 | 馆藏地/架位号 | 状态 | 备注 |
| 1 | 1121374 | 211213747 | 第一样本阅览室/ [索取号:B848.6-49/2785] | 在馆 | |
| 2 | 1121375 | 211213756 | 第一借阅区/ [索取号:B848.6-49/2785] | 在馆 | |
| 3 | 1121376 | 211213765 | 第一借阅区/ [索取号:B848.6-49/2785] | 在馆 | |
| 4 | 1121377 | 211213774 | 第一借阅区/ [索取号:B848.6-49/2785] | 在馆 | |
| 5 | 1121378 | 211213783 | 第一借阅区/ [索取号:B848.6-49/2785] | 在馆 |